[Event "SRB-ch sf"]
[Site "Paracin"]
[Date "2024.02.06"]
[Round "2"]
[White "Eric, Jovana"]
[Black "Spiric, Igor"]
[Result "1-0"]
[WhiteElo "2124"]
[BlackElo "2268"]
[PlyCount "127"]
[EventDate "2024.02.05"]
[EventType "swiss"]
[EventRounds "9"]
[EventCountry "SRB"]
[SourceTitle "CB07_2024"]
[SourceDate "2024.02.14"]
[SourceVersion "1"]
[SourceVersionDate "2024.02.14"]
[SourceQuality "1"]

1. e4 Nc6 2. Nf3 d6 3. d4 Nf6 4. Nc3 Bg4 5. Be2 Bxf3 6. Bxf3 e5 7. d5 Nd4 8. Be3 Nxf3+ 9. Qxf3 Be7 10. 0-0-0 Qd7 11. h3 c5 12. g4 h6 13. Qe2 g5 14. f3 0-0-0 15. Qd2 Rdg8 16. Ne2 Ne8 17. Kb1 h5 18. c4 Qa4 19. b3 Qa3 20. Nc3 Nc7 21. Qc2 Qa6 22. Qd3 b6 23. Ka1 Rg6 24. Ne2 hxg4 25. hxg4 Rgh6 26. Rxh6 Rxh6 27. Ng3 Rh2 28. a4 Kd7 29. Nh5 Qc8 30. Bg1 Rh4 31. Bf2 Rh3 32. Bg3 Qh8 33. Qf1 Rxh5 34. gxh5 Qxh5 35. Qg2 g4 36. Rf1 gxf3 37. Qxf3 Qxf3 38. Rxf3 Ke8 39. Rf5 Kf8 40. Kb1 a5 41. Rh5 Kg8 42. Kc2 f6 43. Kd3 Bf8 44. Ke3 Bg7 45. Kf3 Kf7 46. Rh1 Ne8 47. Be1 Kg6 48. Bd2 Nc7 49. Rg1+ Kf7 50. Kg4 Ne8 51. Kh5 Bf8 52. Bh6 Be7 53. Rh1 Bd8 54. Kg4 Be7 55. Bd2 Bf8 56. Rh7+ Bg7 57. Kf5 Nc7 58. Be1 Ne8 59. Bh4 Kg8 60. Kg6 Kf8 61. Be1 Kg8 62. Bd2 f5 63. exf5 e4 64. Bg5 1-0

[Event "Belgrade Premier League"]
[Site "Belgrade"]
[Date "2021.10.10"]
[Round "9.1"]
[White "Petkovic, Jovan"]
[Black "Spiric, Igor"]
[Result "1/2-1/2"]
[WhiteElo "2021"]
[BlackElo "2255"]
[PlyCount "145"]
[EventDate "2021.10.01"]
[EventType "team-tourn"]
[EventRounds "11"]
[EventCountry "SRB"]
[SourceTitle "CBM 204 Extra"]
[Source "ChessBase"]
[SourceDate "2021.11.30"]
[SourceVersion "1"]
[SourceVersionDate "2021.11.30"]
[SourceQuality "1"]
[WhiteTeam "Mirijevo"]
[BlackTeam "Romanticari"]
[WhiteTeamCountry "SRB"]
[BlackTeamCountry "SRB"]

1. d4 Nf6 2. c4 b6 3. Nf3 Bb7 4. g3 e6 5. Bg2 d6 6. 0-0 Be7 7. Nc3 Nbd7 8. Qc2 0-0 9. e4 e5 10. d5 Re8 11. Ne1 Nf8 12. Nd3 Ng6 13. b3 a5 14. Bb2 Nd7 15. Rae1 Bf6 16. Kh1 Nc5 17. Nd1 Bc8 18. f4 Nxd3 19. Qxd3 exf4 20. gxf4 Bxb2 21. Nxb2 Nh4 22. Qg3 Nxg2 23. Qxg2 Qh4 24. Rg1 g6 25. Nd3 a4 26. b4 a3 27. Qf3 Ra4 28. Rc1 Bd7 29. b5 Qf6 30. Qd1 Qd4 31. Qxa4 Qxe4+ 32. Rg2 Qxd3 33. Qc2 Qh3 34. Rg3 Qh5 35. Qd1 Re2 36. Rg2 Bg4 37. Rxe2 Bxe2 38. Qe1 Qf3+ 39. Kg1 Qe3+ 40. Kg2 Qf3+ 41. Kg1 Qe3+ 42. Kg2 Qxf4 43. Qc3 Bf3+ 44. Kg1 Qg4+ 45. Kf2 Qg2+ 46. Ke3 Qe2+ 47. Kf4 Qe4+ 48. Kg3 Qg4+ 49. Kf2 Qg2+ 50. Ke3 Qe2+ 51. Kf4 f5 52. Qe1 Qg2 53. Qg1 Qh3 54. Qg3 Qh6+ 55. Qg5 Qh3 56. Rc3 Qxh2+ 57. Kxf3 Qh3+ 58. Qg3 Qf1+ 59. Ke3 Qb1 60. Qf2 g5 61. Rc2 f4+ 62. Kd2 Qa1 63. Qf3 Qd4+ 64. Qd3 Qg1 65. Qe4 Qa1 66. Kd3 Qd1+ 67. Kc3 Qb1 68. Qe7 Qa1+ 69. Kd2 Qd4+ 70. Ke2 f3+ 71. Kxf3 Qd3+ 72. Kg4 Qxc2 73. Qe8+ 1/2-1/2

[Event "Belgrade Premier League"]
[Site "Belgrade"]
[Date "2021.10.08"]
[Round "7.1"]
[White "Milin, Dragan"]
[Black "Spiric, Igor"]
[Result "1/2-1/2"]
[WhiteElo "2060"]
[BlackElo "2255"]
[PlyCount "138"]
[EventDate "2021.10.01"]
[EventType "team-tourn"]
[EventRounds "11"]
[EventCountry "SRB"]
[SourceTitle "CBM 204 Extra"]
[Source "ChessBase"]
[SourceDate "2021.11.30"]
[SourceVersion "1"]
[SourceVersionDate "2021.11.30"]
[SourceQuality "1"]
[WhiteTeam "Belgrade Bogoslov"]
[BlackTeam "Romanticari"]
[WhiteTeamCountry "SRB"]
[BlackTeamCountry "SRB"]

1. e4 Nc6 2. d4 e5 3. dxe5 Nxe5 4. Nf3 d6 5. Nxe5 dxe5 6. Qxd8+ Kxd8 7. Bc4 f6 8. Nc3 c6 9. Be3 Kc7 10. 0-0-0 Ne7 11. Rd2 Ng6 12. Ne2 b5 13. Bb3 Be7 14. f3 Nh4 15. Rg1 g5 16. Ng3 a5 17. c3 a4 18. Bd1 Be6 19. Kb1 Rhd8 20. Rxd8 Rxd8 21. Be2 h6 22. Nf1 f5 23. g3 Ng6 24. exf5 Bxf5+ 25. Kc1 a3 26. b3 e4 27. Nd2 exf3 28. Nxf3 Bd3 29. Re1 Bf6 30. Bd4 Bxd4 31. Nxd4 Re8 32. Kd2 Bxe2 33. Rxe2 Rxe2+ 34. Kxe2 Ne7 35. Nc2 Nd5 36. Kd2 Nf6 37. Nxa3 Ng4 38. h4 gxh4 39. gxh4 h5 40. Nc2 Ne5 41. Nd4 Kd6 42. Nf5+ Ke6 43. Ng7+ Kd5 44. Nxh5 Nf3+ 45. Kd3 Nxh4 46. Nf6+ Ke6 47. Ne4 Nf3 48. a4 bxa4 49. bxa4 Kd7 50. Kc4 Kc7 51. a5 Ne5+ 52. Kd4 Nf3+ 53. Kc5 Ne5 54. Nf6 Nd3+ 55. Kd4 Nf4 56. Ne4 Ne6+ 57. Ke5 Ng7 58. Ng3 Kb7 59. Nf5 Nh5 60. Ne7 Ng3 61. c4 Ne2 62. Kd6 Nd4 63. c5 Ka6 64. Nxc6 Nf5+ 65. Ke5 Ne3 66. Kd4 Nd1 67. Kd3 Kb5 68. Nd4+ Kxc5 69. Nb3+ Kb5 1/2-1/2

[Event "Belgrade Premier League"]
[Site "Belgrade"]
[Date "2021.10.02"]
[Round "2.1"]
[White "Spiric, Igor"]
[Black "Podinic, Vladimir"]
[Result "0-1"]
[WhiteElo "2255"]
[BlackElo "2345"]
[PlyCount "56"]
[EventDate "2021.10.01"]
[EventType "team-tourn"]
[EventRounds "11"]
[EventCountry "SRB"]
[SourceTitle "CBM 204 Extra"]
[Source "ChessBase"]
[SourceDate "2021.11.30"]
[SourceVersion "1"]
[SourceVersionDate "2021.11.30"]
[SourceQuality "1"]
[WhiteTeam "Romanticari"]
[BlackTeam "Belgrade"]
[WhiteTeamCountry "SRB"]
[BlackTeamCountry "SRB"]

1. d4 f5 2. Nc3 d5 3. Bg5 h6 4. Bf4 Nf6 5. Nf3 g5 6. Bc1 Bg7 7. h4 g4 8. Ne5 Nh5 9. Ng6 Rg8 10. Nf4 Nf6 11. h5 c6 12. Be3 Qb6 13. Na4 Qa5+ 14. c3 Ne4 15. f3 Ng3 16. Rg1 e5 17. dxe5 Bxe5 18. Kf2 d4 19. cxd4 Ne4+ 20. fxe4 g3+ 21. Kf3 fxe4+ 22. Kxe4 Bf5+ 23. Kf3 Bxf4 24. d5 Bxe3 25. Kxe3 Rg4 26. Qb3 Rxa4 27. Rc1 Re4+ 28. Kf3 Qd2 0-1

[Event "Belgrade Serbia op"]
[Site "Belgrade"]
[Date "2021.07.04"]
[Round "4"]
[White "Stojkovic, Nenad P"]
[Black "Spiric, Igor"]
[Result "0-1"]
[WhiteElo "2081"]
[BlackElo "2241"]
[PlyCount "86"]
[EventDate "2021.07.02"]
[EventType "swiss"]
[EventRounds "9"]
[EventCountry "SRB"]
[SourceTitle "CBM 203 Extra"]
[Source "ChessBase"]
[SourceDate "2021.09.30"]
[SourceVersion "1"]
[SourceVersionDate "2021.09.30"]
[SourceQuality "1"]

1. d4 Nf6 2. g3 e6 3. Bg2 Be7 4. Nf3 d6 5. c4 Nbd7 6. Nc3 0-0 7. 0-0 c5 8. e4 cxd4 9. Nxd4 a6 10. b3 Qc7 11. Be3 Rb8 12. Rc1 b6 13. Ncb5 axb5 14. cxb5 Qb7 15. Nc6 Ne5 16. Nxb8 Qxb8 17. Qd4 Nfd7 18. Rfd1 Ng4 19. Rc6 e5 20. Qc3 Nxe3 21. fxe3 Nc5 22. b4 Ne6 23. a4 Bd7 24. Rc4 g6 25. Rc1 Qa7 26. Rc7 Nxc7 27. Qxc7 Ra8 28. Bf1 Bg5 29. Kf2 Qxc7 30. Rxc7 Be6 31. a5 bxa5 32. b6 axb4 33. b7 Rb8 34. Ba6 b3 35. Rc1 Kg7 36. Ke2 d5 37. h4 Be7 38. Kd2 Bb4+ 39. Kd3 dxe4+ 40. Kxe4 b2 41. Rd1 Bf5+ 42. Kd5 b1Q 43. Rxb1 Bxb1 0-1

[Event "Belgrade Serbia op"]
[Site "Belgrade"]
[Date "2021.07.03"]
[Round "3"]
[White "Spiric, Igor"]
[Black "Savanovic, Aleksandar"]
[Result "0-1"]
[WhiteElo "2241"]
[BlackElo "2406"]
[PlyCount "78"]
[EventDate "2021.07.02"]
[EventType "swiss"]
[EventRounds "9"]
[EventCountry "SRB"]
[SourceTitle "CBM 203 Extra"]
[Source "ChessBase"]
[SourceDate "2021.09.30"]
[SourceVersion "1"]
[SourceVersionDate "2021.09.30"]
[SourceQuality "1"]

1. d4 d5 2. c4 e6 3. Nc3 Nf6 4. cxd5 exd5 5. Bg5 Be7 6. e3 0-0 7. Bd3 c6 8. Qc2 Nbd7 9. Nge2 Re8 10. f3 Nf8 11. 0-0 g6 12. h3 Ne6 13. Bh4 b5 14. a3 Bb7 15. Bf2 a6 16. b4 a5 17. Rab1 axb4 18. axb4 Nd7 19. f4 Nb6 20. g4 Nc4 21. Bxc4 bxc4 22. e4 dxe4 23. Nxe4 Ra3 24. Nc5 Bc8 25. Nxe6 Bxe6 26. Nc3 Bh4 27. Rbc1 Bd5 28. Qd2 Be7 29. Rb1 Bf8 30. b5 cxb5 31. Rxb5 Bc6 32. Rfb1 Bxb5 33. Rxb5 Rb3 34. d5 Bg7 35. Rxb3 cxb3 36. Bd4 Bxd4+ 37. Qxd4 b2 38. Qd3 Qb6+ 39. Kg2 Re3 0-1

[Event "Titled Tuesday intern op 12th Jan"]
[Site "Chess.com INT"]
[Date "2021.01.12"]
[Round "2"]
[White "Blanco Gramajo, Cesar Augusto"]
[Black "Spiric, Igor"]
[Result "0-1"]
[WhiteElo "2065"]
[BlackElo "2241"]
[PlyCount "60"]
[EventDate "2021.01.12"]
[EventType "swiss (blitz)"]
[EventRounds "11"]
[EventCountry "USA"]
[SourceTitle "CBM 200 Extra"]
[Source "ChessBase"]
[SourceDate "2021.03.31"]
[SourceVersion "1"]
[SourceVersionDate "2021.03.31"]
[SourceQuality "1"]

1. d4 Nf6 2. Nf3 b6 3. g3 Bb7 4. Bg2 e6 5. 0-0 Be7 6. c4 0-0 7. b3 a5 8. Bb2 a4 9. Nbd2 a3 10. Bc3 Ne4 11. Nxe4 Bxe4 12. Nd2 Bxg2 13. Kxg2 d5 14. e4 c5 15. exd5 exd5 16. dxc5 d4 17. Qf3 dxc3 18. Qxa8 cxd2 19. Rad1 Bxc5 20. Qd5 Qxd5+ 21. cxd5 Bb4 22. f4 Rd8 23. Rf3 Rxd5 24. Re3 Kf8 25. Kf3 Nc6 26. Re4 b5 27. g4 g6 28. h4 Rd3+ 29. Ke2 Rh3 30. Rxd2 Rh2+ 0-1

[Event "Titled Tuesday intern op 12th Jan"]
[Site "Chess.com INT"]
[Date "2021.01.12"]
[Round "7"]
[White "Spiric, Igor"]
[Black "Preotu, Razvan"]
[Result "0-1"]
[WhiteElo "2241"]
[BlackElo "2487"]
[PlyCount "48"]
[EventDate "2021.01.12"]
[EventType "swiss (blitz)"]
[EventRounds "11"]
[EventCountry "USA"]
[SourceTitle "CBM 200 Extra"]
[Source "ChessBase"]
[SourceDate "2021.03.31"]
[SourceVersion "1"]
[SourceVersionDate "2021.03.31"]
[SourceQuality "1"]

1. Nf3 c5 2. b3 d6 3. Bb2 e5 4. e4 Nc6 5. c3 f5 6. d3 Nf6 7. Nbd2 Be7 8. Qc2 0-0 9. Be2 d5 10. exd5 Nxd5 11. 0-0-0 Nf4 12. Nc4 Bf6 13. g3 Nxe2+ 14. Qxe2 Re8 15. Rhe1 b5 16. Ne3 Be6 17. d4 exd4 18. Qxb5 Qb6 19. Qxb6 axb6 20. cxd4 Rxa2 21. d5 Bxb2+ 22. Kb1 Nb4 23. dxe6 Bc3 24. Nc2 Rb2+ 0-1

[Event "Titled Tuesday intern op 29th Dec"]
[Site "Chess.com INT"]
[Date "2020.12.29"]
[Round "2"]
[White "Aghasiyev, Kamal"]
[Black "Spiric, Igor"]
[Result "1-0"]
[WhiteElo "2441"]
[BlackElo "2241"]
[PlyCount "75"]
[EventDate "2020.12.29"]
[EventType "swiss (blitz)"]
[EventRounds "11"]
[EventCountry "USA"]
[SourceTitle "CBM 200 Extra"]
[Source "ChessBase"]
[SourceDate "2021.03.31"]
[SourceVersion "1"]
[SourceVersionDate "2021.03.31"]
[SourceQuality "1"]

1. d4 Nf6 2. c4 c5 3. d5 e6 4. Nc3 exd5 5. cxd5 d6 6. Nf3 g6 7. g3 a6 8. a4 Bg7 9. Bg2 0-0 10. 0-0 Nbd7 11. Bf4 Qe7 12. a5 h6 13. Rb1 g5 14. Bd2 Ng4 15. b4 Nge5 16. Nxe5 Bxe5 17. Na4 cxb4 18. Bxb4 f5 19. Qc2 Nf6 20. Nb6 Rb8 21. Nc4 f4 22. Nxe5 Qxe5 23. Qg6+ Kh8 24. Qxh6+ Kg8 25. Rbc1 Rf7 26. Bc3 Qf5 27. e4 Qh7 28. Qxg5+ Qg7 29. gxf4 Bg4 30. Bd4 Kh7 31. Rc3 Rg8 32. Qh4+ Qh6 33. Qxh6+ Kxh6 34. Rg3 Nh5 35. f5 Nxg3 36. fxg3 Be2 37. Rf4 Bb5 38. Bf3 1-0

[Event "Titled Tuesday intern op 29th Dec"]
[Site "Chess.com INT"]
[Date "2020.12.29"]
[Round "3"]
[White "Spiric, Igor"]
[Black "Pischal, Yulia"]
[Result "1-0"]
[WhiteElo "2241"]
[BlackElo "1963"]
[PlyCount "85"]
[EventDate "2020.12.29"]
[EventType "swiss (blitz)"]
[EventRounds "11"]
[EventCountry "USA"]
[SourceTitle "CBM 200 Extra"]
[Source "ChessBase"]
[SourceDate "2021.03.31"]
[SourceVersion "1"]
[SourceVersionDate "2021.03.31"]
[SourceQuality "1"]

1. d4 f5 2. Nc3 Nf6 3. Bg5 e6 4. e4 fxe4 5. Nxe4 Be7 6. Bxf6 Bxf6 7. Nf3 0-0 8. Bd3 Nc6 9. c3 d5 10. Ng3 e5 11. dxe5 Nxe5 12. Nxe5 Bxe5 13. 0-0 Qg5 14. Qe2 c6 15. Rae1 Bd6 16. c4 Bg4 17. Qc2 Qh4 18. cxd5 cxd5 19. Qb3 Kh8 20. Qxd5 Rad8 21. Qe4 Bxg3 22. fxg3 Qh5 23. Rxf8+ Rxf8 24. h3 Qc5+ 25. Qe3 Qxe3+ 26. Rxe3 Bh5 27. g4 Bf7 28. Rf3 Kg8 29. b3 Rd8 30. Bxh7+ Kxh7 31. Rxf7 Rd1+ 32. Kh2 Rd2 33. a4 b6 34. Rxa7 Rd3 35. b4 Rb3 36. b5 Rb4 37. Ra6 g6 38. Rxb6 Rxa4 39. g5 Kg7 40. Rb7+ Kf8 41. b6 Ke8 42. Rh7 Rb4 43. b7 1-0

[Event "Titled Tuesday intern op 22nd Dec"]
[Site "Chess.com INT"]
[Date "2020.12.22"]
[Round "5"]
[White "Spiric, Igor"]
[Black "Ivanova, Karina"]
[Result "1-0"]
[WhiteElo "2241"]
[BlackElo "2085"]
[PlyCount "45"]
[EventDate "2020.12.22"]
[EventType "swiss (blitz)"]
[EventRounds "11"]
[EventCountry "USA"]
[SourceTitle "CBM 199 Extra"]
[Source "ChessBase"]
[SourceDate "2021.01.31"]
[SourceVersion "1"]
[SourceVersionDate "2021.01.31"]
[SourceQuality "1"]

1. d4 Nf6 2. c4 e6 3. Nc3 Bb4 4. a3 Bxc3+ 5. bxc3 b6 6. f3 Bb7 7. e4 d6 8. Bd3 e5 9. Ne2 Nbd7 10. 0-0 0-0 11. Ng3 c5 12. d5 Re8 13. Nf5 Nf8 14. Bg5 Ng6 15. Qd2 h6 16. Bxh6 gxh6 17. Qxh6 Nh5 18. g4 Bc8 19. gxh5 Bxf5 20. exf5 Nf4 21. f6 Nxh5 22. Qh7+ Kf8 23. Qh8# 1-0

[Event "Titled Tuesday intern op 01st Dec"]
[Site "Chess.com INT"]
[Date "2020.12.01"]
[Round "7"]
[White "Karpeshov, Oleg Mikhailovich"]
[Black "Spiric, Igor"]
[Result "0-1"]
[WhiteElo "2297"]
[BlackElo "2241"]
[PlyCount "96"]
[EventDate "2020.12.01"]
[EventType "swiss (blitz)"]
[EventRounds "11"]
[EventCountry "USA"]
[SourceTitle "CBM 199 Extra"]
[Source "ChessBase"]
[SourceDate "2021.01.31"]
[SourceVersion "1"]
[SourceVersionDate "2021.01.31"]
[SourceQuality "1"]

1. Nf3 c5 2. c4 b6 3. Nc3 Bb7 4. d4 cxd4 5. Nxd4 e6 6. e4 d6 7. f3 a6 8. Be3 Qc7 9. Be2 Nd7 10. 0-0 Ngf6 11. Qd2 Be7 12. a4 Rc8 13. a5 bxa5 14. Nb3 0-0 15. Nxa5 Ba8 16. Rfb1 d5 17. cxd5 exd5 18. Nxd5 Bxd5 19. exd5 Bc5 20. Bxa6 Qf4 21. Nc4 Bxe3+ 22. Nxe3 Rce8 23. Re1 Nc5 24. Bf1 Nb3 25. g3 Nxd2 26. gxf4 Nxf3+ 27. Kf2 Nxe1 28. Rxe1 Rb8 29. Re2 Rfd8 30. Bg2 g6 31. Rd2 Rb4 32. f5 g5 33. h3 h5 34. Ke2 Rdb8 35. Nd1 Ne4 36. Bxe4 Rxe4+ 37. Kf2 Rf4+ 38. Kg2 Rxf5 39. Ne3 Re5 40. Nc4 Re4 41. Nd6 Reb4 42. Rd1 Rxb2+ 43. Kf3 R8b3+ 44. Ke4 Re2+ 45. Kf5 Rg3 46. Ne4 Rxe4 47. Kxe4 Kf8 48. Ke5 Ke7 0-1

[Event "Titled Tuesday intern op 01st Dec"]
[Site "Chess.com INT"]
[Date "2020.12.01"]
[Round "1"]
[White "Spiric, Igor"]
[Black "Karthikeyan, Murali"]
[Result "0-1"]
[WhiteElo "2241"]
[BlackElo "2606"]
[PlyCount "90"]
[EventDate "2020.12.01"]
[EventType "swiss (blitz)"]
[EventRounds "11"]
[EventCountry "USA"]
[SourceTitle "CBM 199 Extra"]
[Source "ChessBase"]
[SourceDate "2021.01.31"]
[SourceVersion "1"]
[SourceVersionDate "2021.01.31"]
[SourceQuality "1"]

1. d4 Nf6 2. c4 g6 3. Nc3 Bg7 4. e4 d6 5. Nf3 0-0 6. Be2 Nbd7 7. 0-0 e5 8. h3 c6 9. Be3 exd4 10. Nxd4 Re8 11. Qc2 a6 12. a4 Qe7 13. Bf3 Nc5 14. Bg5 Qe5 15. Bxf6 Qxf6 16. Rad1 h5 17. b4 Ne6 18. Nxe6 Bxe6 19. Ne2 Bxh3 20. Rd3 Bg4 21. Rfd1 Rad8 22. Bxg4 hxg4 23. Ng3 Qf4 24. Qd2 Be5 25. Qxf4 Bxf4 26. c5 Bxg3 27. fxg3 Rxe4 28. Rxd6 Rde8 29. b5 cxb5 30. axb5 axb5 31. Rb6 R8e7 32. Rxb5 Re2 33. Rdb1 Rc2 34. Rxb7 Ree2 35. c6 Rxg2+ 36. Kh1 Rh2+ 37. Kg1 Rhg2+ 38. Kh1 Rgd2 39. c7 Kg7 40. Kg1 Rg2+ 41. Kh1 Rxg3 42. Rd1 Rh3+ 43. Kg1 Rg3+ 44. Kh1 Rgc3 45. Rd7 Rf2 0-1

[Event "Titled Tuesday intern op 01st Dec"]
[Site "Chess.com INT"]
[Date "2020.12.01"]
[Round "8"]
[White "Spiric, Igor"]
[Black "Kovalchuk, Alexey"]
[Result "0-1"]
[WhiteElo "2241"]
[BlackElo "2379"]
[PlyCount "122"]
[EventDate "2020.12.01"]
[EventType "swiss (blitz)"]
[EventRounds "11"]
[EventCountry "USA"]
[SourceTitle "CBM 199 Extra"]
[Source "ChessBase"]
[SourceDate "2021.01.31"]
[SourceVersion "1"]
[SourceVersionDate "2021.01.31"]
[SourceQuality "1"]

1. d4 d5 2. c4 e6 3. Nc3 Nf6 4. cxd5 exd5 5. Bg5 c6 6. e3 Be7 7. Bd3 Nbd7 8. Qc2 h6 9. Bh4 0-0 10. Nge2 a5 11. 0-0 Re8 12. f3 b5 13. b3 Nb6 14. Bf2 a4 15. bxa4 b4 16. Nd1 Bd7 17. Nb2 Qb8 18. h3 c5 19. dxc5 Nxa4 20. c6 Bxc6 21. Qxc6 Nxb2 22. Qb5 Qxb5 23. Bxb5 Reb8 24. Bc6 Ra6 25. Nd4 Bc5 26. Bb5 Rab6 27. Be2 Bxd4 28. exd4 Na4 29. Rfc1 Nc3 30. Bf1 Re8 31. Kh2 Ne2 32. Re1 Rbe6 33. Rab1 Nc3 34. Rxe6 Rxe6 35. Rxb4 Nxa2 36. Rb8+ Re8 37. Rxe8+ Nxe8 38. Bb5 Nd6 39. Bd3 Nb4 40. Bb1 Nc4 41. Kg3 Kf8 42. h4 Ke7 43. h5 Ke6 44. Kg4 Nd6 45. Kh4 Nf5+ 46. Kg4 Nd6 47. Kh4 Nc6 48. g4 f5 49. g5 Nb5 50. gxh6 gxh6 51. Be3 Nbxd4 52. Bxh6 Nxf3+ 53. Kg3 Nfe5 54. Bf4 Nf7 55. h6 Nce5 56. h7 Ng6 57. Bd2 Nf8 58. Kh4 Nxh7 59. Kh5 Nf6+ 60. Kg6 Ne4 61. Kg7 Ne5 0-1

[Event "Titled Tuesday intern op 01st Dec"]
[Site "Chess.com INT"]
[Date "2020.12.01"]
[Round "10"]
[White "Spiric, Igor"]
[Black "Sawlin, Leonid"]
[Result "1/2-1/2"]
[WhiteElo "2241"]
[BlackElo "2385"]
[PlyCount "120"]
[EventDate "2020.12.01"]
[EventType "swiss (blitz)"]
[EventRounds "11"]
[EventCountry "USA"]
[SourceTitle "CBM 199 Extra"]
[Source "ChessBase"]
[SourceDate "2021.01.31"]
[SourceVersion "1"]
[SourceVersionDate "2021.01.31"]
[SourceQuality "1"]

1. d4 e6 2. c4 d5 3. Nc3 c6 4. Nf3 dxc4 5. a4 Bb4 6. Bd2 Nf6 7. e3 b5 8. axb5 Bxc3 9. Bxc3 cxb5 10. Qc2 0-0 11. b3 cxb3 12. Qxb3 Bb7 13. Qxb5 Qc7 14. Qb3 Bd5 15. Qb2 Nc6 16. Bd3 Rfb8 17. Qd2 Ne4 18. Bxe4 Bxe4 19. 0-0 Rb3 20. Rfc1 Rab8 21. Ne5 Nxe5 22. dxe5 h5 23. Bd4 Rb1 24. Raxb1 Rxb1 25. Rxb1 Bxb1 26. h4 a5 27. Qc3 Qxc3 28. Bxc3 a4 29. Bb4 Bd3 30. f3 Kh7 31. e4 Kg6 32. Kf2 Kh6 33. Ke3 Bb5 34. Kf4 f6 35. exf6 gxf6 36. e5 Kg6 37. exf6 Kxf6 38. Bc3+ Kg6 39. Bb2 Bf1 40. g3 Bg2 41. Ke5 Bxf3 42. Kxe6 Bg4+ 43. Ke5 Kf7 44. Kd4 Ke6 45. Kc3 Kf5 46. Bc1 Bd1 47. Bf4 Ke4 48. Kb2 Bg4 49. Ka3 Bd7 50. Kb2 Kf3 51. Ka3 Ke2 52. Kb2 Kd3 53. Ka3 Kc4 54. Bg5 Kc3 55. Bf4 Kc4 56. Bg5 Kd4 57. Bf4 Ke4 58. Kb2 Kf3 59. Ka3 Be6 60. Kb2 Bd7 1/2-1/2